[Event "19th Hogeschool Zeeland Tournament"]
[Site "Vlissingen"]
[Date "2015.08.02"]
[Round "3"]
[Board "14"]
[White "Linster, Philippe"]
[Black "Leenhouts, Koen"]
[Result "1/2-1/2"]
[WhiteElo "2219"]
[BlackElo "2422"]
[PlyCount "93"]
[EventDate "2015.08.01"]
[EventRounds "9"]
[EventCountry "NED"]

1. c4 Nf6 2. g3 c5 3. Bg2 d5 4. cxd5 Nxd5 5. Nc3 Nc7 6. Qa4+ Bd7 7. Qb3 Nc6 8.
Qxb7 Nd4 9. Qe4 g6 10. Qb1 Bg7 11. Nf3 O-O 12. O-O Rb8 13. Nxd4 cxd4 14. Ne4
Nd5 15. Nc5 Bf5 16. d3 Bg4 17. h3 Bxe2 18. Re1 Qa5 19. b4 Rxb4 20. Qc2 Rb5 21.
Qxe2 Rxc5 22. Bxd5 Rxd5 23. Qxe7 Bf6 24. Qe2 Re5 25. Bd2 Qd5 26. Qg4 h5 27.
Rxe5 Qxe5 28. Qf3 Bg7 29. Re1 Qb5 30. Kg2 Re8 31. Rxe8+ Qxe8 32. Bb4 Qb5 33.
Bd6 Qa6 34. Bc5 Qxa2 35. Qa8+ Kh7 36. Qxa7 Qb3 37. h4 Qd5+ 38. Kg1 Bf6 39. Be7
Bxe7 40. Qxe7 Kg7 41. Kf1 Qf5 42. Qe4 Qc5 43. Kg2 Kf6 44. f4 Qc2+ 45. Kh3 Qc8+
46. Kg2 Qc2+ 47. Kh3 1/2-1/2

[Event "19th Hogeschool Zeeland Tournament"]
[Site "Vlissingen"]
[Date "2015.08.02"]
[Round "3"]
[Board "15"]
[White "Yankelevich, Lev"]
[Black "Heltzel, Joost"]
[Result "1/2-1/2"]
[WhiteElo "2420"]
[BlackElo "2216"]
[PlyCount "120"]
[EventDate "2015.08.01"]
[EventRounds "9"]
[EventCountry "NED"]

1. d4 Nf6 2. c4 e6 3. g3 Bb4+ 4. Bd2 Qe7 5. Bg2 Nc6 6. Nf3 Bxd2+ 7. Nbxd2 O-O
8. O-O d6 9. e4 e5 10. d5 Nb8 11. b4 a5 12. a3 Na6 13. Nh4 c6 14. Nb3 cxd5 15.
cxd5 axb4 16. axb4 Bd7 17. Qd2 g6 18. Rfc1 Rac8 19. Na5 Bb5 20. f3 Nh5 21. Bh3
Rb8 22. Ra2 Ng7 23. Rac2 f5 24. exf5 g5 25. Ng2 Nxf5 26. Bxf5 Rxf5 27. Rc8+
Rxc8 28. Rxc8+ Kg7 29. h4 Rxf3 30. Qxg5+ Qxg5 31. hxg5 Nxb4 32. Nxb7 Nxd5 33.
Nxd6 Bd3 34. Rd8 Rxg3 35. Kf2 Rxg5 36. Ne1 Bg6 37. Nf3 Rh5 38. Nc4 e4 39. Nd4
Nf4 40. Kg3 Nd3 41. Ne3 Rg5+ 42. Kh4 Rh5+ 43. Kg3 Rg5+ 44. Kh4 Rh5+ 45. Kg4
Ne5+ 46. Kg3 Kf7 47. Ra8 Rg5+ 48. Kf4 h6 49. Ra7+ Kg8 50. Ndf5 Bxf5 51. Nxf5
Ng6+ 52. Kxe4 h5 53. Nh6+ Kf8 54. Rf7+ Ke8 55. Rg7 Re5+ 56. Kd4 Re6 57. Nf5 Ne7
58. Nh4 Kd7 59. Rh7 Kd6 60. Rxh5 Nc6+ 1/2-1/2

[Event "19th Hogeschool Zeeland Tournament"]
[Site "Vlissingen"]
[Date "2015.08.02"]
[Round "3"]
[Board "16"]
[White "Verduyn, Frederic"]
[Black "Admiraal, Miguoel"]
[Result "0-1"]
[WhiteElo "2199"]
[BlackElo "2414"]
[PlyCount "46"]
[EventDate "2015.08.01"]
[EventRounds "9"]
[EventCountry "NED"]

1. c4 c6 2. g3 d5 3. Bg2 e5 4. cxd5 cxd5 5. d4 e4 6. Nc3 Nc6 7. f3 exf3 8. Nxf3
Nf6 9. O-O Be7 10. Ne5 O-O 11. Nxc6 bxc6 12. e4 dxe4 13. Nxe4 Nxe4 14. Bxe4 Bf6
15. d5 cxd5 16. Bxd5 Rb8 17. Qf3 Bh3 18. Rd1 Qc8 19. Qf2 Rd8 20. Qxa7 Rd7 21.
Qa5 Qd8 22. Qc5 Be6 23. Bf4 Rc8 0-1

[Event "19th Hogeschool Zeeland Tournament"]
[Site "Vlissingen"]
[Date "2015.08.02"]
[Round "3"]
[Board "17"]
[White "Van Delft, Merijn"]
[Black "Goormachtigh, Johan"]
[Result "1-0"]
[WhiteElo "2410"]
[BlackElo "2191"]
[PlyCount "85"]
[EventDate "2015.08.01"]
[EventRounds "9"]
[EventCountry "NED"]

1. e4 c5 2. Nf3 e6 3. d4 cxd4 4. Nxd4 Nc6 5. Nc3 Qc7 6. f4 a6 7. Nxc6 bxc6 8.
Bd3 d5 9. O-O Nf6 10. Qe2 Be7 11. Bd2 O-O 12. Rae1 Re8 13. Kh1 Bb7 14. e5 Nd7
15. f5 exf5 16. e6 Nf6 17. exf7+ Kxf7 18. Qe6+ Kf8 19. Qxf5 Kg8 20. Bg5 Bd6 21.
Bxf6 gxf6 22. Rxe8+ Rxe8 23. Qxf6 Bc8 24. Ne2 Be5 25. Qg5+ Qg7 26. Qxg7+ Bxg7
27. b3 a5 28. a4 Bg4 29. Nf4 Rf8 30. g3 Bd4 31. Kg2 Re8 32. h3 Bd7 33. Nh5 Re6
34. Rf4 Be5 35. Rf1 Bd4 36. g4 Rd6 37. Re1 Be6 38. Nf4 Bf7 39. g5 Bc3 40. Re7
Bd2 41. Kf3 h6 42. g6 Bxf4 43. Kxf4 1-0

[Event "19th Hogeschool Zeeland Tournament"]
[Site "Vlissingen"]
[Date "2015.08.02"]
[Round "3"]
[Board "18"]
[White "Timmermans, Ivo"]
[Black "Ten Hertog, Hugo"]
[Result "0-1"]
[WhiteElo "2183"]
[BlackElo "2383"]
[PlyCount "54"]
[EventDate "2015.08.01"]
[EventRounds "9"]
[EventCountry "NED"]

1. e4 g6 2. d4 Bg7 3. Nc3 d6 4. f4 Nf6 5. Bd3 O-O 6. Nf3 Nc6 7. e5 dxe5 8. fxe5
Nh5 9. Be3 Bg4 10. Be2 f6 11. exf6 exf6 12. Qd2 Ne7 13. Ng5 Qd7 14. Nge4 Bxe2
15. Qxe2 Rae8 16. O-O-O Nd5 17. Qc4 c6 18. Rhe1 f5 19. Nc5 Qf7 20. Nxd5 cxd5
21. Qb3 f4 22. Bf2 Nf6 23. Qxb7 Qxb7 24. Nxb7 Ne4 25. Bg1 Bh6 26. Rd3 f3+ 27.
Be3 Nf2 0-1

[Event "19th Hogeschool Zeeland Tournament"]
[Site "Vlissingen"]
[Date "2015.08.02"]
[Round "3"]
[Board "19"]
[White "Dehn, Marcus"]
[Black "Mu, Ke"]
[Result "0-1"]
[WhiteElo "2165"]
[BlackElo "2380"]
[PlyCount "118"]
[EventDate "2015.08.01"]
[EventRounds "9"]
[EventCountry "NED"]

1. d4 c5 2. dxc5 e6 3. Nd2 Nf6 4. Nb3 Na6 5. Qd4 Qc7 6. Bf4 Qc6 7. Bd6 Bxd6 8.
Qxd6 Ne4 9. Qd4 O-O 10. Nf3 Naxc5 11. Nxc5 Nxc5 12. Ne5 Qc7 13. O-O-O d5 14.
Nd3 b6 15. Kb1 Bb7 16. e3 Rac8 17. Nxc5 bxc5 18. Qd2 Rb8 19. c3 Bc6 20. Qc1 Qa5
21. Bd3 Rb6 22. Ka1 Ba4 23. Rd2 Bb3 24. a3 Rfb8 25. Bb1 Qa4 26. h4 Bc4 27. Qc2
Qxc2 28. Rxc2 Kf8 29. Rd2 h6 30. Rc1 Ke7 31. e4 Kf6 32. f4 dxe4 33. Bxe4 h5 34.
Re1 g6 35. g3 Ke7 36. Kb1 Bb3 37. Kc1 Ba4 38. Bf3 Rd6 39. Rxd6 Kxd6 40. Re2 Bc6
41. Rd2+ Kc7 42. Be2 a5 43. Bc4 Be4 44. Re2 Bf5 45. Rd2 Bg4 46. Rd3 Be2 47.
Rd7+ Kxd7 48. Bxe2 Kd6 49. Bc4 Rb7 50. b3 f6 51. Kd2 g5 52. Ke3 gxh4 53. gxh4
Rg7 54. Be2 Rg3+ 55. Kd2 Rh3 56. b4 cxb4 57. cxb4 a4 58. Bxh5 Rxa3 59. Be8 Rb3
 0-1

[Event "19th Hogeschool Zeeland Tournament"]
[Site "Vlissingen"]
[Date "2015.08.02"]
[Round "3"]
[Board "20"]
[White "Van Overdam, Julian"]
[Black "Grochal, Joey"]
[Result "1-0"]
[WhiteElo "2367"]
[BlackElo "2187"]
[PlyCount "145"]
[EventDate "2015.08.01"]
[EventRounds "9"]
[EventCountry "NED"]

1. e4 c5 2. Nc3 Nc6 3. Bb5 Nd4 4. Bc4 g6 5. Nge2 Bg7 6. Nxd4 cxd4 7. Qf3 e6 8.
Nb5 Be5 9. c3 dxc3 10. d4 a6 11. dxe5 axb5 12. Bb3 b4 13. bxc3 bxc3 14. O-O Qc7
15. Bf4 g5 16. Bg3 b5 17. Rac1 b4 18. Qh5 Bb7 19. Qxg5 Ne7 20. Qe3 h5 21. f3 h4
22. Bf2 Nc6 23. f4 Na5 24. Qd4 Nc6 25. Qc5 Ra5 26. Qe3 Ra3 27. Rc2 Na5 28. Qd4
Nc6 29. Qc5 Ra5 30. Qe3 Ra3 31. Rd1 Ba8 32. h3 Qb7 33. Rd6 Ra6 34. Bc4 Ra3 35.
Qd3 Qc7 36. Bb5 Ra5 37. Qc4 Qb8 38. Ba6 b3 39. axb3 Nb4 40. Rxc3 Bc6 41. Bc8
Qxc8 42. Qxb4 Ra1+ 43. Kh2 Ra2 44. Qb6 Rg8 45. Rdxc6 dxc6 46. Rxc6 Qd8 47. Qc5
Rxf2 48. Qxf2 Kf8 49. Rd6 Qe7 50. Qd2 Rg3 51. Rd8+ Kg7 52. Rd3 Rg6 53. g4 hxg3+
54. Rxg3 Rxg3 55. Kxg3 Qb7 56. Qe3 Qb5 57. Kg2 Kf8 58. h4 Kg7 59. f5 Kf8 60.
fxe6 fxe6 61. Qh6+ Ke7 62. Qf6+ Kd7 63. Qf7+ Kd8 64. Qf8+ Kc7 65. Qf3 Kd7 66.
Qf7+ Kd8 67. Qxe6 Qe2+ 68. Kg3 Qe3+ 69. Kg4 Qxe4+ 70. Kg5 Qe3+ 71. Kg6 Qd3+ 72.
Qf5 Qxb3 73. Qf8+ 1-0

[Event "19th Hogeschool Zeeland Tournament"]
[Site "Vlissingen"]
[Date "2015.08.02"]
[Round "3"]
[Board "21"]
[White "Palit, Somak"]
[Black "Nicolai, Erik"]
[Result "1-0"]
[WhiteElo "2345"]
[BlackElo "2168"]
[PlyCount "127"]
[EventDate "2015.08.01"]
[EventRounds "9"]
[EventCountry "NED"]

1. d4 Nf6 2. Nc3 d6 3. e4 e5 4. Nf3 Nbd7 5. Bc4 Be7 6. O-O O-O 7. a4 c6 8. Re1
b6 9. Ba2 Bb7 10. Nh4 g6 11. dxe5 dxe5 12. Qf3 Ne8 13. Bh6 Ng7 14. Nf5 gxf5 15.
Rad1 Bc8 16. exf5 Bg5 17. Qxc6 Rb8 18. Bxg5 Qxg5 19. Ne4 Qxf5 20. Nd6 Qf6 21.
Nxc8 Rbxc8 22. Qxd7 Rxc2 23. Rd2 Rxd2 24. Qxd2 Ne6 25. Bxe6 fxe6 26. f3 Rd8 27.
Qc3 Rd4 28. Qc8+ Kf7 29. Rc1 Rd8 30. Qb7+ Kg6 31. h3 Qf4 32. Re1 Qxa4 33. Qe7
Qd7 34. Qa3 Qd2 35. Re4 Rd4 36. Rxe5 Qc1+ 37. Kf2 Rd2+ 38. Kg3 Qc7 39. f4 Qc6
40. Rg5+ Kf7 41. Qxa7+ Qd7 42. Qb8 Qd8 43. Qe5 Qd3+ 44. Kh4 Qd4 45. Qc7+ Kf8
46. g3 h6 47. Re5 Qd6 48. Qxd6+ Rxd6 49. Kh5 Kg7 50. g4 Kh7 51. f5 exf5 52.
Re7+ Kg8 53. gxf5 Rd2 54. b4 Rd4 55. Kg6 Kf8 56. f6 Rd3 57. Rb7 Rg3+ 58. Kxh6
Rxh3+ 59. Kg6 Rg3+ 60. Kf5 Rf3+ 61. Ke6 Re3+ 62. Kd5 Rf3 63. Rxb6 Kf7 64. Rd6
 1-0

[Event "19th Hogeschool Zeeland Tournament"]
[Site "Vlissingen"]
[Date "2015.08.02"]
[Round "3"]
[Board "22"]
[White "Das, Arghyadip"]
[Black "Sturm, Pieter"]
[Result "1-0"]
[WhiteElo "2485"]
[BlackElo "2077"]
[PlyCount "46"]
[EventDate "2015.08.01"]
[EventRounds "9"]
[EventCountry "NED"]

1. e4 e6 2. d4 d5 3. Nd2 Nc6 4. Ngf3 Nf6 5. e5 Nd7 6. Bd3 Nb4 7. Be2 c5 8. c3
Nc6 9. O-O Be7 10. Re1 c4 11. b3 b5 12. a4 b4 13. cxb4 c3 14. Nb1 Bxb4 15. Qc2
Qb6 16. Be3 Bb7 17. Rc1 Rc8 18. Nxc3 Ndxe5 19. dxe5 d4 20. Bd2 dxc3 21. Bxc3
Nxe5 22. Bb5+ Kd8 23. Qd2+ Bd5 1-0

[Event "19th Hogeschool Zeeland Tournament"]
[Site "Vlissingen"]
[Date "2015.08.02"]
[Round "3"]
[Board "23"]
[White "Erwich, Frank"]
[Black "Hoogland, Mike"]
[Result "1-0"]
[WhiteElo "2358"]
[BlackElo "2035"]
[PlyCount "123"]
[EventDate "2015.08.01"]
[EventRounds "9"]
[EventCountry "NED"]

1. e4 c5 2. Nf3 d6 3. Bb5+ Nd7 4. O-O Ngf6 5. Re1 a6 6. Bf1 e6 7. d4 cxd4 8.
Nxd4 Be7 9. c4 O-O 10. Nc3 Qc7 11. f3 Rd8 12. Be3 Ne5 13. Rc1 Bd7 14. Kh1 Be8
15. f4 Nc6 16. Nc2 Qa5 17. Qf3 Bf8 18. Red1 Rab8 19. a3 Qh5 20. Qxh5 Nxh5 21.
Be2 Nf6 22. b4 Rdc8 23. Rd2 b5 24. Bf2 bxc4 25. Ne3 a5 26. b5 Na7 27. a4 Bxb5
28. axb5 Nxb5 29. Ned1 d5 30. exd5 Nxc3 31. Nxc3 Bb4 32. Bf3 exd5 33. Bd4 Ne4
34. Bxe4 dxe4 35. Ra2 Rd8 36. Be5 e3 37. Bxb8 Bxc3 38. Bc7 Rd2 39. Bxa5 Rxa2
40. Bxc3 f5 41. Kg1 Kf7 42. Be1 Ra4 43. Rc3 Ke6 44. Rxe3+ Kd5 45. Bc3 g6 46.
Kf2 Ra2+ 47. Kf3 Rc2 48. h3 h5 49. Bg7 Ra2 50. Re5+ Kd6 51. Bf8+ Kd7 52. Re7+
Kd8 53. Re3 Kd7 54. Rc3 Ra8 55. Bg7 Ra4 56. Ke3 Kc6 57. Kd4 Kb5 58. Kd5 Ra8 59.
Be5 Rd8+ 60. Ke6 Rc8 61. Kf7 Rc6 62. Bf6 1-0

[Event "19th Hogeschool Zeeland Tournament"]
[Site "Vlissingen"]
[Date "2015.08.02"]
[Round "3"]
[Board "24"]
[White "Kevlishvili, Robby"]
[Black "Blankert, Willem"]
[Result "1-0"]
[WhiteElo "2357"]
[BlackElo "1997"]
[PlyCount "147"]
[EventDate "2015.08.01"]
[EventRounds "9"]
[EventCountry "NED"]

1. e4 e6 2. d4 d5 3. Nd2 Nf6 4. e5 Nfd7 5. f4 c5 6. Ngf3 Nc6 7. Nb3 cxd4 8.
Nfxd4 Nc5 9. Be3 Ne4 10. Bd3 f5 11. O-O Be7 12. Bxe4 dxe4 13. Nxc6 bxc6 14.
Qxd8+ Bxd8 15. Rfd1 Bc7 16. Kf2 g5 17. g3 Rg8 18. Rg1 Bd7 19. Rad1 a5 20. Nd2
Rb8 21. Nc4 g4 22. a4 Rg7 23. b3 Bc8 24. Ba7 Rb7 25. Bc5 h5 26. Rd2 Rh7 27.
Rgd1 h4 28. Rd8+ Bxd8 29. Nd6+ Kd7 30. Nxb7+ Kc7 31. Nxd8 hxg3+ 32. hxg3 Bd7
33. Nf7 Rxf7 34. Rh1 Rg7 35. Rh8 Kb7 36. Ke3 Bc8 37. Bd6 c5 38. Bxc5 Rc7 39.
Kd4 Bd7 40. Rh2 Kc6 41. Bd6 Rc8 42. c3 Ra8 43. Rh7 Ra7 44. Rh8 Rb7 45. b4 axb4
46. cxb4 e3 47. b5+ Kb6 48. Bc5+ Kc7 49. Kxe3 Bxb5 50. Bd6+ Kc6 51. axb5+ Rxb5
52. Rc8+ Kd7 53. Rc7+ Kd8 54. Rc3 Rb2 55. Bf8 Kd7 56. Bh6 Rb4 57. Bg5 Re4+ 58.
Kf2 Rd4 59. Bh4 Ra4 60. Rd3+ Kc6 61. Rd6+ Kc5 62. Rxe6 Ra2+ 63. Ke3 Ra3+ 64.
Kd2 Ra2+ 65. Kc3 Ra3+ 66. Kb2 Re3 67. Rd6 Re2+ 68. Kc3 Re1 69. Kd2 Rg1 70. Rd3
Rg2+ 71. Ke3 Rg1 72. Kf2 Ra1 73. e6 Ra2+ 74. Ke3 1-0

[Event "19th Hogeschool Zeeland Tournament"]
[Site "Vlissingen"]
[Date "2015.08.02"]
[Round "3"]
[Board "25"]
[White "Galle, Andre"]
[Black "Timmermans, Mark"]
[Result "0-1"]
[WhiteElo "2002"]
[BlackElo "2352"]
[PlyCount "88"]
[EventDate "2015.08.01"]
[EventRounds "9"]
[EventCountry "NED"]

1. d4 Nf6 2. c4 e6 3. Nc3 Bb4 4. Qc2 O-O 5. Bg5 c5 6. dxc5 Na6 7. a3 Bxc3+ 8.
Qxc3 Nxc5 9. Bxf6 Qxf6 10. Qxf6 gxf6 11. Nf3 b6 12. e3 Bb7 13. Nd4 d5 14. cxd5
Bxd5 15. Be2 Rac8 16. O-O f5 17. f3 Rfd8 18. Rac1 Nb3 19. Nxb3 Bxb3 20. Rxc8
Rxc8 21. Ba6 Rc5 22. Rf2 Kf8 23. Rd2 Ke7 24. Kf2 b5 25. f4 Bd5 26. b4 Rc3 27.
Bxb5 Rxa3 28. Bd3 a6 29. h3 Bb7 30. b5 a5 31. g4 fxg4 32. hxg4 h6 33. Be2 a4
34. Rc2 Kd6 35. Bf3 Bxf3 36. Kxf3 Rb3 37. Rc6+ Kd5 38. Ra6 a3 39. Ra8 Kc5 40.
Ke4 Kxb5 41. Ke5 Rxe3+ 42. Kf6 Rf3 43. Kxf7 Rxf4+ 44. Kxe6 Ra4 0-1

[Event "19th Hogeschool Zeeland Tournament"]
[Site "Vlissingen"]
[Date "2015.08.02"]
[Round "3"]
[Board "26"]
[White "Maris, Ivo"]
[Black "Van Der Borgt, Peter"]
[Result "1-0"]
[WhiteElo "2288"]
[BlackElo "1989"]
[PlyCount "147"]
[EventDate "2015.08.01"]
[EventRounds "9"]
[EventCountry "NED"]

1. Nf3 d5 2. g3 Nf6 3. Bg2 g6 4. O-O Bg7 5. d4 O-O 6. c4 c6 7. Nbd2 Nbd7 8. Qc2
Re8 9. b3 e5 10. cxd5 cxd5 11. dxe5 Ng4 12. Bb2 Ngxe5 13. Rac1 Nc6 14. Bxg7
Kxg7 15. e3 Nf6 16. Qb2 Nb4 17. Qd4 Qe7 18. a3 Nc6 19. Qb2 Bf5 20. b4 Rad8 21.
Nd4 Nxd4 22. Qxd4 b6 23. h3 Qe5 24. Qxe5 Rxe5 25. Nf3 Ree8 26. Rc7 Rd7 27. Rfc1
Rde7 28. Bf1 Ne4 29. Nd4 Nd6 30. R1c6 Ne4 31. g4 Bd7 32. Rc1 Ba4 33. Be2 h6 34.
Kg2 Kf8 35. Bf3 Rxc7 36. Rxc7 Re7 37. Rc1 Rd7 38. Bxe4 dxe4 39. Kg3 Rd6 40. Rc7
a6 41. h4 Bd7 42. Ra7 Bb5 43. h5 gxh5 44. gxh5 Rf6 45. Rb7 Ba4 46. Ne2 Bb3 47.
Nf4 Bc4 48. Rc7 Bb5 49. Rb7 Bc4 50. Rb8+ Kg7 51. Re8 Bd3 52. Rd8 Bb5 53. Rd4
Bc6 54. Rc4 Bb7 55. Rc7 Bc6 56. Ne2 Rf3+ 57. Kg2 Rf6 58. Nd4 Bb5 59. Re7 Bd3
60. Re8 Bb1 61. a4 Bd3 62. Rc8 b5 63. a5 Bc4 64. Kg3 Bd5 65. Rd8 Bc4 66. Rb8
Bd3 67. Rb6 Bc4 68. Rxf6 Kxf6 69. Kf4 Bd5 70. Nf5 Bb7 71. Nxh6 Kg7 72. Nf5+ Kh7
73. Nd6 Bd5 74. Nxe4 1-0

[Event "19th Hogeschool Zeeland Tournament"]
[Site "Vlissingen"]
[Date "2015.08.02"]
[Round "3"]
[Board "27"]
[White "Greevenbosch, Henk"]
[Black "Provoost, Simon"]
[Result "1-0"]
[WhiteElo "1979"]
[BlackElo "2240"]
[PlyCount "151"]
[EventDate "2015.08.01"]
[EventRounds "9"]
[EventCountry "NED"]

1. c4 Nf6 2. Nc3 g6 3. g3 Bg7 4. Bg2 O-O 5. d4 d6 6. f4 c6 7. e4 e5 8. fxe5
dxe5 9. d5 Qa5 10. a3 cxd5 11. exd5 Qc5 12. Qe2 Bg4 13. Bf3 Bxf3 14. Nxf3 Nbd7
15. Be3 Qc7 16. Nb5 Qb8 17. a4 a6 18. Nc3 Re8 19. O-O e4 20. Nd2 Qe5 21. Kg2
Rac8 22. a5 h5 23. Rac1 Ng4 24. b4 f5 25. c5 Nxe3+ 26. Qxe3 Nf6 27. Nc4 Nxd5
28. Nxd5 Qxd5 29. Rfd1 Qc6 30. Nd6 Kh7 31. Nxe8 Bh6 32. Qc3 e3+ 33. Kh3 Rxe8
34. Rd6 Qe4 35. Rd4 Qe6 36. Rd6 Qe4 37. Qd4 e2 38. Qxe4 Rxe4 39. Re1 Bg7 40.
Rd3 Bd4 41. Kg2 g5 42. Ra3 Bb2 43. Ra2 Rxb4 44. Rxe2 Bd4 45. Rac2 Rb5 46. c6
bxc6 47. Rxc6 Rxa5 48. Re7+ Bg7 49. Rcc7 Ra2+ 50. Kh3 Kh6 51. Rc6+ Kh7 52. Rc5
Kg6 53. g4 hxg4+ 54. Kg3 Ra3+ 55. Kg2 Ra2+ 56. Kf1 Kf6 57. Rcc7 Bh6 58. Re8 Bg7
59. Rb8 Rxh2 60. Rb6+ Ke5 61. Rxg7 Kf4 62. Rb4+ Kf3 63. Rb3+ Kf4 64. Rc7 Ra2
65. Rc4+ Ke5 66. Rc5+ Kf4 67. Rb4+ Kg3 68. Rxf5 Ra1+ 69. Ke2 Ra2+ 70. Ke3 Ra3+
71. Ke4 Rf3 72. Rd4 Rf4+ 73. Ke5 Kh2 74. Rfxf4 gxf4 75. Kxf4 g3 76. Rd2+ 1-0

[Event "19th Hogeschool Zeeland Tournament"]
[Site "Vlissingen"]
[Date "2015.08.02"]
[Round "3"]
[Board "28"]
[White "Parnali, S Dharia"]
[Black "Gijsen, Stief"]
[Result "1/2-1/2"]
[WhiteElo "1978"]
[BlackElo "2203"]
[PlyCount "76"]
[EventDate "2015.08.01"]
[EventRounds "9"]
[EventCountry "NED"]

1. g3 e5 2. Bg2 Nc6 3. e4 Bc5 4. Ne2 d6 5. d3 f5 6. exf5 Nf6 7. O-O Bxf5 8.
Nbc3 Qd7 9. Na4 O-O-O 10. Nxc5 dxc5 11. Be3 Bh3 12. Nc3 h5 13. Bxh3 Qxh3 14.
Qf3 h4 15. Qg2 hxg3 16. Qxh3+ Rxh3 17. hxg3 b6 18. a3 Rdh8 19. Kg2 Rh2+ 20. Kf3
Kd7 21. Ne4 Ke6 22. b4 Nxe4 23. Kxe4 Nd4 24. bxc5 bxc5 25. Bxd4 cxd4 26. c3
dxc3 27. Rac1 Rf8 28. Ke3 Kd5 29. Rxc3 c6 30. Rc2 Rb8 31. Rfc1 Rb6 32. Rc5+ Kd6
33. Ra5 Rb2 34. Rf1 Rb7 35. Ke4 Rf7 36. Ke3 Rh8 37. f4 exf4+ 38. Rxf4 Re7+
 1/2-1/2

[Event "19th Hogeschool Zeeland Tournament"]
[Site "Vlissingen"]
[Date "2015.08.02"]
[Round "3"]
[Board "29"]
[White "Voege, Tobias"]
[Black "Van Der Sloot, Olaf"]
[Result "1-0"]
[WhiteElo "2191"]
[BlackElo "1928"]
[PlyCount "107"]
[EventDate "2015.08.01"]
[EventRounds "9"]
[EventCountry "NED"]

1. d4 Nf6 2. c4 c5 3. d5 e6 4. Nc3 exd5 5. cxd5 d6 6. e4 g6 7. f4 Bg7 8. Bb5+
Nfd7 9. a4 O-O 10. Nf3 Na6 11. O-O Nb4 12. Re1 a6 13. Bf1 Re8 14. Be3 Nf6 15.
Bf2 Bg4 16. Rc1 Nd7 17. h3 Bxf3 18. Qxf3 Rc8 19. g4 h6 20. Kh1 c4 21. Nd1 b5
22. axb5 axb5 23. Qa3 Nd3 24. Bxd3 cxd3 25. Rxc8 Qxc8 26. Qxd3 Nc5 27. Bxc5
Qxc5 28. Re2 Qc1 29. f5 Qf4 30. Kg2 Be5 31. Qf3 Qc1 32. fxg6 fxg6 33. Rf2 Qc7
34. Qd3 Qc4 35. Qxc4 bxc4 36. Rc2 Rb8 37. Ne3 Bxb2 38. Nxc4 Be5 39. Nxe5 dxe5
40. Rc6 Kf7 41. Re6 Rb2+ 42. Kf3 Rb3+ 43. Ke2 Rxh3 44. Rxe5 Rb3 45. Re6 Rg3 46.
Ra6 Rxg4 47. Kf3 h5 48. e5 Rd4 49. Ra7+ Ke8 50. d6 g5 51. Rh7 h4 52. Ke3 Rd1
53. Ke4 Re1+ 54. Kf5 1-0

[Event "19th Hogeschool Zeeland Tournament"]
[Site "Vlissingen"]
[Date "2015.08.02"]
[Round "3"]
[Board "30"]
[White "Bloem, Mark"]
[Black "Sparenberg, Erik"]
[Result "0-1"]
[WhiteElo "1959"]
[BlackElo "2117"]
[PlyCount "120"]
[EventDate "2015.08.01"]
[EventRounds "9"]
[EventCountry "NED"]

1. e4 c5 2. Nc3 e6 3. g3 Nc6 4. Bg2 d6 5. d3 g6 6. f4 Bg7 7. Nf3 Nge7 8. Be3
O-O 9. O-O Rb8 10. Qd2 Nd4 11. Nd1 Nxf3+ 12. Bxf3 Nc6 13. c3 b6 14. Bg2 d5 15.
exd5 exd5 16. d4 cxd4 17. cxd4 Re8 18. Bf2 Ba6 19. Re1 Rxe1+ 20. Bxe1 Bxd4+ 21.
Kh1 Qe7 22. Nc3 Qb4 23. Bxd5 Ne7 24. Bg2 Nf5 25. Rd1 Qc4 26. Bf2 Bxf2 27. Qxf2
Re8 28. Re1 Rxe1+ 29. Qxe1 Qd4 30. Qe8+ Kg7 31. Qe5+ Qxe5 32. fxe5 Ne3 33. Be4
Nc4 34. b4 Nxe5 35. Kg2 Bc4 36. a3 f5 37. Bb7 Kf6 38. Nd5+ Bxd5+ 39. Bxd5 Ng4
40. Bb3 Ke5 41. h3 Nf6 42. Kf3 Ne4 43. Bg8 h6 44. h4 Nd2+ 45. Ke3 Nb1 46. a4
Nc3 47. Kd3 Nxa4 48. Kc4 a6 49. Kb3 b5 50. Bf7 g5 51. hxg5 hxg5 52. Be8 Nb6 53.
Bc6 Nc4 54. Kc3 Nd6 55. Kd3 g4 56. Ba8 Nc4 57. Bb7 a5 58. Bc6 axb4 59. Bxb5 Nd6
60. Bc6 Ne4 0-1

[Event "19th Hogeschool Zeeland Tournament"]
[Site "Vlissingen"]
[Date "2015.08.02"]
[Round "3"]
[Board "31"]
[White "Boerkamp, Harry"]
[Black "Lam, Daniel King-Wai"]
[Result "0-1"]
[WhiteElo "1949"]
[BlackElo "2098"]
[PlyCount "64"]
[EventDate "2015.08.01"]
[EventRounds "9"]
[EventCountry "NED"]

1. e4 e6 2. Nf3 d5 3. e5 c5 4. b4 cxb4 5. a3 Nc6 6. axb4 Bxb4 7. c3 Bf8 8. d4
Nge7 9. Bd3 Nf5 10. O-O h5 11. Ba3 Bxa3 12. Nxa3 O-O 13. Qd2 Na5 14. Rfb1 b6
15. h3 Bd7 16. Nb5 Bxb5 17. Bxb5 g6 18. Kh2 Kg7 19. g4 hxg4 20. hxg4 Rh8+ 21.
Kg2 Nh4+ 22. Kg3 Nxf3 23. Kxf3 Rh3+ 24. Ke2 Rc8 25. Ra3 Qh4 26. Rg1 g5 27. Kd1
Nc4 28. Bxc4 Rxc4 29. Rg2 Rhxc3 30. Rxc3 Rxc3 31. Rg1 Rf3 32. Ke1 Rf4 0-1

[Event "19th Hogeschool Zeeland Tournament"]
[Site "Vlissingen"]
[Date "2015.08.02"]
[Round "3"]
[Board "32"]
[White "Dardha, Daniel"]
[Black "De Wolf, Johan"]
[Result "1/2-1/2"]
[WhiteElo "1941"]
[BlackElo "2088"]
[PlyCount "51"]
[EventDate "2015.08.01"]
[EventRounds "9"]
[EventCountry "NED"]

1. e4 d5 2. exd5 Nf6 3. d4 Nxd5 4. c4 Nb6 5. Nf3 Bg4 6. c5 N6d7 7. Bc4 e6 8. h3
Bxf3 9. Qxf3 c6 10. O-O Nf6 11. Be3 Be7 12. Nc3 Nbd7 13. b4 a6 14. Bf4 O-O 15.
a4 Nd5 16. Bxd5 exd5 17. Rfe1 Bf6 18. Qd3 Re8 19. b5 Rxe1+ 20. Rxe1 axb5 21.
axb5 Nf8 22. bxc6 bxc6 23. Be5 Bxe5 24. Rxe5 Ne6 25. Qe3 Qf6 26. Ne2 1/2-1/2

[Event "19th Hogeschool Zeeland Tournament"]
[Site "Vlissingen"]
[Date "2015.08.02"]
[Round "3"]
[Board "33"]
[White "Minnema, Rens"]
[Black "Krasenkova, Ilena"]
[Result "0-1"]
[WhiteElo "1926"]
[BlackElo "2087"]
[PlyCount "42"]
[EventDate "2015.08.01"]
[EventRounds "9"]
[EventCountry "NED"]

1. e4 Nf6 2. e5 Nd5 3. d4 e6 4. c4 Nb6 5. Nf3 Be7 6. Nc3 d5 7. exd6 cxd6 8. Bd3
Nc6 9. O-O O-O 10. a3 f5 11. d5 Ne5 12. Nxe5 dxe5 13. Be2 Bc5 14. Qb3 Qe7 15.
Be3 Bxe3 16. fxe3 Qc5 17. Kh1 Qxe3 18. d6 Bd7 19. Rad1 Ba4 20. Qb4 a5 21. Nd5
exd5 0-1

[Event "19th Hogeschool Zeeland Tournament"]
[Site "Vlissingen"]
[Date "2015.08.02"]
[Round "3"]
[Board "34"]
[White "Smeets, Pierre"]
[Black "Van Tuijl, Arjen"]
[Result "1-0"]
[WhiteElo "2082"]
[BlackElo "1601"]
[PlyCount "57"]
[EventDate "2015.08.01"]
[EventRounds "9"]
[EventCountry "NED"]

1. d4 Nf6 2. Nf3 d5 3. Bg5 e6 4. e3 Be7 5. Nbd2 Nbd7 6. Bd3 c5 7. c3 Qc7 8. O-O
e5 9. dxe5 Nxe5 10. Nxe5 Qxe5 11. Nf3 Qc7 12. c4 Be6 13. Qc2 O-O-O 14. Rac1 d4
15. Bf4 Bd6 16. Bxd6 Qxd6 17. exd4 Bg4 18. Bf5+ Kb8 19. Bxg4 Nxg4 20. d5 Rhe8
21. Rfe1 Rxe1+ 22. Rxe1 b5 23. b3 h5 24. Qf5 Nf6 25. Qe5 bxc4 26. bxc4 Kc7 27.
Kf1 Ne8 28. Qe7+ Qd7 29. Qxc5+ 1-0

[Event "19th Hogeschool Zeeland Tournament"]
[Site "Vlissingen"]
[Date "2015.08.02"]
[Round "3"]
[Board "35"]
[White "Oostvogels, Niek"]
[Black "Haak, Eelco"]
[Result "1/2-1/2"]
[WhiteElo "1864"]
[BlackElo "2081"]
[PlyCount "37"]
[EventDate "2015.08.01"]
[EventRounds "9"]
[EventCountry "NED"]

1. e4 e6 2. d4 d5 3. e5 c5 4. c3 Nc6 5. Nf3 Bd7 6. Bd3 Qb6 7. O-O f6 8. Re1
O-O-O 9. Nbd2 Nh6 10. Rb1 Nf7 11. b4 c4 12. Bf1 fxe5 13. Nxe5 Nfxe5 14. dxe5
Be8 15. Nf3 Bh5 16. Be3 Qc7 17. Be2 Bxf3 18. Bxf3 b6 19. Bg4 1/2-1/2